00856nam a2200217Ii 45000010005000000030009000050080041000140400033000550410008000880820020000961100050001162450038001662640128002043000012003323360026003443370028003703380027003989400050004259990017004759520146004925039CO-ViMGA241108s9999||||xx |||||||||||||| ||und|| aCO-ViMGAbspaerdacCO-ViMGA0 aunk04a745.586137-M9861 aMuseo de artes y tradiciones populares95735210aGuacamayas :boficios artesanales 1a[Lugar de publicación no identificado] : Museo de artes y tradiciones populares, [Fecha de publicación no identificada] avolumen atextbtxt2rdacontent aunmediatedbn2rdamedia avolumebnc2rdacarrier aidficha_siabuc: 4910. -- ficha_no_siabuc:5039 c55917d55917 001040708001aMEVIGERRbMEVIGERRcGENd2006-11-27hVol.1o745.586137-M986pECA4061r2024-11-26 10:51:54tEj.1w2024-11-26yBKz4910 | 7030